|
|
|
|
| LEADER |
01122nam a2200289 a 4500 |
| 001 |
c000340819 |
| 003 |
CARM |
| 005 |
20000323200805.0 |
| 008 |
830609r19711970enk 001 0 eng d |
| 015 |
|
|
|a B7115394
|
| 019 |
1 |
|
|a 2716306
|z 46549135
|5 LACONCORD2021
|
| 020 |
|
|
|a 0710070373 :
|c £2.50
|
| 020 |
|
|
|a 0710070373 :
|
| 035 |
|
|
|a (OCoLC)4389221
|5 LACONCORD2021
|
| 040 |
|
|
|a QUT
|b eng
|c QUT
|d ABN-SNR
|
| 082 |
0 |
4 |
|a 820/.9/007
|
| 100 |
1 |
|
|a Chandler, Alice.
|
| 245 |
1 |
2 |
|a A dream of order :
|b the medieval ideal in nineteenth-century English literature /
|c [by] Alice Chandler.
|
| 260 |
|
|
|a London :
|b Routledge and K. Paul,
|c 1971.
|
| 300 |
|
|
|a ix,278p ;
|c 23cm.
|
| 500 |
|
|
|a Originally published, Lincoln (Neb.): University of Nebraska Press, 1970.
|
| 504 |
|
|
|a bibl p249-263.
|
| 650 |
|
0 |
|a English literature
|y 19th century
|x History and criticism.
|
| 650 |
|
0 |
|a Middle Ages.
|
| 852 |
8 |
|
|b CARM
|h A1:AL21G0
|i B10233
|p 0450542
|f BK
|
| 999 |
f |
f |
|i fbb2346a-73c6-5ff8-ba28-b663035e253f
|s 0d9f98eb-0746-580e-ac73-5773ced7a322
|
| 952 |
f |
f |
|p Can circulate
|a CAVAL
|b CAVAL
|c CAVAL
|d CARM 1 Store
|e B10233
|f A1:AL21G0
|h Other scheme
|i book
|m 0450542
|